000 00390nam a22001577a 4500
999 _c14798
_d14798
020 _a9788183600828
082 _a630.1076
_bNIK/NU
100 _aNikhade, J.S
_92012
245 _aNumerical problems in agricultural engineering
250 _a3rd
260 _aNew Delhi
_bJain Borthers
_c2016
300 _a351p
700 _aRawat, S N
_92013
700 _aVictor, V M
_92014
942 _cBK